भक्ति साहित्य के आधार स्तम्भ / (Record no. 112700)

MARC details
000 -LEADER
fixed length control field 01097nam a22002537a 4500
005 - DATE AND TIME OF LATEST TRANSACTION
control field 20170124102942.0
010 ## - LIBRARY OF CONGRESS CONTROL NUMBER
LC control number A-970034
020 ## - INTERNATIONAL STANDARD BOOK NUMBER
Terms of availability 495.00
035 ## - SYSTEM CONTROL NUMBER
System control number A-970034
037 ## - SOURCE OF ACQUISITION
Source of stock number/acquisition Cen Lib/Ret
040 ## - CATALOGING SOURCE
Original cataloging agency DPL
Language of cataloging HN
082 ## - DEWEY DECIMAL CLASSIFICATION NUMBER
Classification number 820.8
Item number शर्माय
100 ## - MAIN ENTRY--PERSONAL NAME
Personal name शर्मा, यज्ञदत्त
9 (RLIN) 48799
245 ## - TITLE STATEMENT
Title भक्ति साहित्य के आधार स्तम्भ /
Statement of responsibility, etc यज्ञदत्त शर्मा
246 ## - VARYING FORM OF TITLE
Title proper/short title Bhakti sahitye ke aadhar stambh /
Remainder of title by Yagyedutt Sharma
260 ## - PUBLICATION, DISTRIBUTION, ETC. (IMPRINT)
Place of publication, distribution, etc दिल्ली
Name of publisher, distributor, etc पल्लव प्रकाशन
Date of publication, distribution, etc 1998
270 ## - ADDRESS
Address मालीवाड़ा
City दिल्ली
Postal code 110006
300 ## - PHYSICAL DESCRIPTION
Extent 132पृ.
Dimensions 20सेमी (सजिल्द)
650 ## - SUBJECT ADDED ENTRY--TOPICAL TERM
Topical term or geographic name as entry element हिन्दी -- साहित्य
9 (RLIN) 48800
650 ## - SUBJECT ADDED ENTRY--TOPICAL TERM
Topical term or geographic name as entry element हिन्दी -- साहित्य -- कबीर -- सूरदास
9 (RLIN) 5464
650 ## - SUBJECT ADDED ENTRY--TOPICAL TERM
Topical term or geographic name as entry element Hindi - literature
9 (RLIN) 48801
650 ## - SUBJECT ADDED ENTRY--TOPICAL TERM
Topical term or geographic name as entry element Hindi -- Literature - Kabir - Surdaas
9 (RLIN) 48802
942 ## - ADDED ENTRY ELEMENTS (KOHA)
Source of classification or shelving scheme Dewey Decimal Classification
Koha item type Hindi Books
Classification part 820.8
Call number suffix शर्माय
Holdings
Withdrawn status Lost status Damaged status Not for loan Home library Current library Date acquired Source of acquisition Cost, normal purchase price Total Checkouts Full call number Barcode Date last seen Copy number Cost, replacement price Price effective from Koha item type
        Central Library Central Library 10/08/2015 Cen Lib/Ret 495.00   820.8 शर्माय A-970034 10/08/2015 1 495.00 10/08/2015 Hindi Books

© Delhi Public Library
Hit Counter
free hit counter